00409nam a22001457a 4500008004100000020001500041040001500056050002500071100002200096245005900118250001200177260004200189300001600231650001600247160921b xxu||||| |||| 00| 0 eng d a0072871709 aKABUcKABU aQL955b.C37 2002 C.1 aCarlson, Bruce M. aPatten's foundation of embryologycby Bruce M. Carlson a6th ed. aNew YorkbMcGraw-hill companiesc2002 axii. 752 p. 2Embroyology